[Event "XII Festival Magistrale"]
[Site "Porto San Giorgio ITA"]
[Date "2000.08.28"]
[Round "9"]
[White "Iotti, Pierluigi"]
[Black "Grigore, George-Gabriel"]
[Result "0-1"]
[WhiteElo "2294"]
[BlackElo "2508"]
[PlyCount "86"]
[EventDate "2000.08.20"]

1. d4 Nf6 2. Nf3 g6 3. g3 Bg7 4. Bg2 O-O 5. O-O d6 6. c4 c6 7. Nc3 Qa5 8. h3
Be6 9. Qd3 Qa6 10. b3 d5 11. Ne5 dxc4 12. Nxc4 Rd8 13. Bb2 Bxc4 14. bxc4 Nbd7
15. f4 Nb6 16. c5 Qxd3 17. exd3 Nbd5 18. Ne2 Ne3 19. Rfc1 Nxg2 20. Kxg2 Kf8 21.
Rab1 Nd5 22. a3 Ke8 23. Kf3 Kd7 24. Rc4 b5 25. cxb6 axb6 26. Rbc1 Rdc8 27. a4
e6 28. Ng1 Bf8 29. Bc3 b5 30. axb5 cxb5 31. Rxc8 Rxc8 32. Bb2 Ra8 33. Ra1 Rxa1
34. Bxa1 Ba3 35. Ke2 b4 36. Nf3 h5 37. h4 b3 38. Ne5+ Ke7 39. Nc4 Bb4 40. Bb2
Kf6 41. Ba3 Bxa3 42. Nxa3 b2 43. Nb1 Ne7 0-1

[Event "XII Festival Magistrale"]
[Site "Porto San Giorgio ITA"]
[Date "2000.08.28"]
[Round "9"]
[White "Isonzo, David"]
[Black "Tomescu, Vlad"]
[Result "1-0"]
[WhiteElo "2250"]
[BlackElo "2432"]
[PlyCount "115"]
[EventDate "2000.08.20"]

1. e4 c5 2. Nf3 Nc6 3. d4 cxd4 4. Nxd4 Nf6 5. Nc3 d6 6. Bc4 e6 7. Be3 a6 8. Bb3
Qc7 9. f4 Na5 10. O-O b5 11. f5 e5 12. Nde2 Bb7 13. Nd5 Nxd5 14. Bxd5 Nc4 15.
Bc1 Qc5+ 16. Kh1 Bxd5 17. exd5 Rc8 18. Nc3 Ne3 19. Bxe3 Qxe3 20. Rf3 Qd4 21.
Qe2 Qc4 22. Rd3 Be7 23. Re1 O-O 24. Qh5 Qh4 25. Qxh4 Bxh4 26. Re2 Rc4 27. Ne4
Rfc8 28. c3 Be7 29. g3 f6 30. Kg2 Kf7 31. g4 a5 32. h4 h6 33. Kf3 R4c7 34. b3
Ra8 35. a3 a4 36. b4 Rc4 37. Rg2 Rac8 38. Re2 R8c7 39. Ree3 Rc8 40. Re2 R4c7
41. h5 Rc4 42. Re1 Ke8 43. Re2 Kd7 44. Re1 R4c7 45. Rc1 Rc4 46. Rd2 R4c7 47.
Rdc2 Rc4 48. Nd2 R4c7 49. c4 bxc4 50. Rxc4 Rxc4 51. Rxc4 Rxc4 52. Nxc4 Kc7 53.
Nb2 Kb6 54. Nxa4+ Kb5 55. Nb2 Bf8 56. Ke4 Be7 57. Kd3 Bd8 58. Kc3 1-0

[Event "XII Festival Magistrale"]
[Site "Porto San Giorgio ITA"]
[Date "2000.08.28"]
[Round "9"]
[White "Maier, Christian"]
[Black "Zlochevskij, Alexander"]
[Result "0-1"]
[WhiteElo "2351"]
[BlackElo "2450"]
[PlyCount "46"]
[EventDate "2000.08.20"]

1. e4 e6 2. d4 d5 3. Nc3 Nf6 4. Bg5 Be7 5. Bxf6 Bxf6 6. e5 Be7 7. Qg4 g6 8. h4
c5 9. dxc5 Bxc5 10. O-O-O Nc6 11. Qf4 Bd7 12. Nf3 a6 13. Ng5 Qe7 14. Rxd5 exd5
15. Nxd5 Qxe5 16. Qxf7+ Kd8 17. Bc4 b5 18. Rd1 Nd4 19. Nf6 Ra7 20. Qg7 Qf4+ 21.
Kb1 Rf8 22. Nf7+ Kc8 23. Nxh7 Bf5 0-1

[Event "XII Festival Magistrale"]
[Site "Porto San Giorgio ITA"]
[Date "2000.08.28"]
[Round "9"]
[White "Managadze, Nikoloz"]
[Black "Foisor, Ovidiu-Doru"]
[Result "0-1"]
[WhiteElo "2456"]
[BlackElo "2404"]
[PlyCount "152"]
[EventDate "2000.08.20"]

1. e4 e6 2. d4 d5 3. Nd2 Nf6 4. e5 Nfd7 5. Bd3 c5 6. c3 b6 7. Ne2 Ba6 8. Bb1
Nc6 9. Nf3 b5 10. O-O b4 11. Re1 bxc3 12. bxc3 Be7 13. h4 h6 14. Nf4 Qa5 15.
Bd2 Bc4 16. Nh5 g6 17. Nf6+ Nxf6 18. exf6 Bxf6 19. Bxg6 Ke7 20. Bh5 Qc7 21. Qc1
cxd4 22. cxd4 Nxd4 23. Bb4+ Kd8 24. Nxd4 Bxd4 25. Qd2 Bb6 26. Bc3 Rh7 27. Rac1
Kd7 28. Be5 Qc5 29. Red1 Rg8 30. Qc2 Rhg7 31. Bxg7 Rxg7 32. Bf3 Ke7 33. Qb2 Rg8
34. Rc2 Qc7 35. Qb4+ Qc5 36. Qd2 Qa3 37. Qf4 Rg6 38. h5 Rg5 39. Re1 Qa4 40. Rb2
Qa3 41. Rc2 Qd6 42. Rd1 Bc7 43. Rxc4 dxc4 44. Qxd6+ Bxd6 45. Rc1 Rc5 46. Kf1
Be5 47. Ke2 Bd4 48. Rc2 Kd6 49. Bb7 Re5+ 50. Kf1 c3 51. g4 Rb5 52. Ba6 Rb6 53.
Bd3 Rb1+ 54. Ke2 Rg1 55. Kf3 Kc5 56. Bh7 Kb4 57. Bg8 Rf1 58. Bxf7 Rxf2+ 59.
Rxf2 Bxf2 60. Bg6 Bh4 61. Ke2 Ka3 62. Kd1 Kxa2 63. Kc2 Ka3 64. Kd1 Ka2 65. Kc2
e5 66. Kxc3 a5 67. Bc2 Ka3 68. Be4 a4 69. Bc6 Bf6 70. Be4 Bg7 71. Bc6 Bh8 72.
Be4 Bf6 73. Bc6 e4+ 74. Kc4 e3 75. Kd3 Bg5 76. Be8 Kb3 0-1

[Event "XII Festival Magistrale"]
[Site "Porto San Giorgio ITA"]
[Date "2000.08.28"]
[Round "9"]
[White "Middelburg, Tom"]
[Black "Agnelli, Francesco"]
[Result "1-0"]
[WhiteElo "2328"]
[BlackElo "2123"]
[PlyCount "63"]
[EventDate "2000.08.20"]

1. e4 c5 2. Nf3 Nc6 3. d4 cxd4 4. Nxd4 Nf6 5. Nc3 e5 6. Ndb5 d6 7. Nd5 Nxd5 8.
exd5 Ne7 9. c3 Nf5 10. a4 Be7 11. Be2 O-O 12. O-O Nh4 13. Be3 a6 14. Na3 f5 15.
f4 exf4 16. Bxf4 Qb6+ 17. Kh1 Bd7 18. Nc4 Qc7 19. Be3 Rae8 20. Bb6 Qb8 21. Qd2
Bf6 22. Bh5 Re4 23. b3 Be8 24. Bd1 h6 25. Bc2 Bg5 26. Qf2 Rf4 27. Qe2 Rg4 28.
g3 Bh5 29. Qd3 Ng6 30. Rxf5 Rxf5 31. Qxf5 Bf6 32. Qxh5 1-0

[Event "XII Festival Magistrale"]
[Site "Porto San Giorgio ITA"]
[Date "2000.08.28"]
[Round "9"]
[White "Orlov, Andrey"]
[Black "Satta, Vladimiro"]
[Result "1-0"]
[WhiteElo "2367"]
[BlackElo "2222"]
[PlyCount "71"]
[EventDate "2000.08.20"]

1. e4 d6 2. d4 Nf6 3. Nc3 g6 4. g3 Bg7 5. Bg2 O-O 6. Nge2 c6 7. a4 a5 8. O-O
Na6 9. h3 e5 10. Be3 Nb4 11. Qd2 d5 12. exd5 Nfxd5 13. Nxd5 Nxd5 14. Bg5 f6 15.
Bh6 e4 16. Bxg7 Kxg7 17. c4 Nb4 18. Bxe4 Bxh3 19. Nf4 Qd7 20. Rfe1 Rfe8 21. Re3
Be6 22. Nxe6+ Rxe6 23. Rae1 Ree8 24. Bg2 Rad8 25. d5 cxd5 26. cxd5 Rxe3 27.
Qxe3 Kf7 28. Qb6 Nxd5 29. Qxa5 Ne7 30. Qb6 Nc6 31. Rc1 Kg8 32. a5 Qd2 33. Ra1
Ra8 34. a6 Nd4 35. Bd5+ Kh8 36. Qxf6# 1-0

[Event "XII Festival Magistrale"]
[Site "Porto San Giorgio ITA"]
[Date "2000.08.28"]
[Round "9"]
[White "Palac, Mladen"]
[Black "Lazarev, Vladimir"]
[Result "1/2-1/2"]
[WhiteElo "2573"]
[BlackElo "2478"]
[PlyCount "20"]
[EventDate "2000.08.20"]

1. e4 c5 2. Nf3 d6 3. d4 cxd4 4. Nxd4 Nf6 5. Nc3 a6 6. Be2 e6 7. O-O Be7 8. f4
Qc7 9. Be3 Nc6 10. a4 O-O 1/2-1/2

[Event "XII Festival Magistrale"]
[Site "Porto San Giorgio ITA"]
[Date "2000.08.28"]
[Round "9"]
[White "Rausis, Igors"]
[Black "Naumkin, Igor"]
[Result "1/2-1/2"]
[WhiteElo "2551"]
[BlackElo "2440"]
[PlyCount "54"]
[EventDate "2000.08.20"]

1. c4 e5 2. g3 Nf6 3. Bg2 Nc6 4. Nf3 Bc5 5. O-O d6 6. Nc3 a6 7. d3 h6 8. a3 O-O
9. b4 Ba7 10. Bb2 Bg4 11. h3 Be6 12. Kh2 Qd7 13. e3 Ne7 14. Qe2 Ng6 15. d4 exd4
16. exd4 Rae8 17. Qd3 Bf5 18. Qd2 Ne4 19. Nxe4 Bxe4 20. Rfe1 Qf5 21. Re3 d5 22.
Rae1 Re6 23. h4 Qh5 24. Qe2 c6 25. Nd2 Qxe2 26. R3xe2 Bxg2 27. Kxg2 Rfe8
1/2-1/2

[Event "XII Festival Magistrale"]
[Site "Porto San Giorgio ITA"]
[Date "2000.08.28"]
[Round "9"]
[White "Savchenko, Stanislav"]
[Black "Miezis, Normunds"]
[Result "1-0"]
[WhiteElo "2579"]
[BlackElo "2518"]
[PlyCount "85"]
[EventDate "2000.08.20"]

1. d4 e6 2. c4 b6 3. a3 Bb7 4. Nc3 f5 5. d5 Nf6 6. g3 b5 7. Nxb5 exd5 8. cxd5
Bxd5 9. Nf3 Bc6 10. Nbd4 Be4 11. Bg2 Nc6 12. O-O g6 13. Bf4 Nxd4 14. Qxd4 d6
15. Rac1 c5 16. Qd2 Qe7 17. Rfd1 Rd8 18. b4 Rd7 19. bxc5 dxc5 20. Qa5 Bg7 21.
Rxd7 Nxd7 22. Rd1 c4 23. Bg5 Bf6 24. Bxf6 Nxf6 25. Qb5+ Kf8 26. Qxc4 Kg7 27.
Ng5 Re8 28. Nxe4 fxe4 29. a4 Rb8 30. a5 h5 31. Bh3 Rb4 32. Qc3 Rb7 33. Rc1 Kh6
34. Bc8 Rb5 35. a6 Nd5 36. Qh8+ Qh7 37. Qe8 Ra5 38. Qxe4 Qg7 39. Bb7 Qf7 40.
Qd4 Rb5 41. Qh8+ Qh7 42. Qxh7+ Kxh7 43. Bxd5 1-0

[Event "XII Festival Magistrale"]
[Site "Porto San Giorgio ITA"]
[Date "2000.08.28"]
[Round "9"]
[White "Sbraccia, Giovanni"]
[Black "Bratanov, Zsivko"]
[Result "0-1"]
[WhiteElo "2131"]
[BlackElo "2400"]
[PlyCount "52"]
[EventDate "2000.08.20"]

1. Nf3 f5 2. g3 g6 3. Bg2 Bg7 4. d3 d6 5. c3 e5 6. Nbd2 Nf6 7. e4 O-O 8. exf5
gxf5 9. Nh4 d5 10. Ndf3 Nc6 11. O-O e4 12. Nd4 Nxd4 13. cxd4 Be6 14. Bf4 Ng4
15. h3 Nh6 16. Qc1 Nf7 17. Qe3 c6 18. Rab1 Qb6 19. Rfd1 Bxd4 20. Qe2 Rae8 21.
Rd2 Ne5 22. Bh6 Rf7 23. Qh5 Nxd3 24. Qg5+ Kh8 25. Qh5 Bxf2+ 26. Kh2 Bxg3+ 0-1

[Event "XII Festival Magistrale"]
[Site "Porto San Giorgio ITA"]
[Date "2000.08.28"]
[Round "9"]
[White "Spasov, Vasil V."]
[Black "Glek, Igor V."]
[Result "0-1"]
[WhiteElo "2593"]
[BlackElo "2553"]
[PlyCount "94"]
[EventDate "2000.08.20"]

1. e4 e6 2. d4 d5 3. Nd2 c5 4. Ngf3 cxd4 5. exd5 Qxd5 6. Bc4 Qd6 7. O-O Nf6 8.
Nb3 Nc6 9. Nbxd4 Nxd4 10. Qxd4 Bd7 11. Bf4 Qxd4 12. Nxd4 Rc8 13. Bb3 Bc5 14.
Rad1 O-O 15. c3 Rfd8 16. Rfe1 Be8 17. Nc2 Rxd1 18. Rxd1 a5 19. a3 a4 20. Ba2
Bc6 21. Ne3 h6 22. Be5 Bxe3 23. fxe3 Ng4 24. Bd4 Rd8 25. Rf1 e5 26. Bxf7+ Kh7
27. Be6 exd4 28. Bf5+ g6 29. Bxg4 dxc3 30. bxc3 Rd3 31. Rf7+ Kh8 32. Bf3 Bxf3
33. gxf3 Rxe3 34. Rxb7 Rxc3 35. Kg2 Rxa3 36. Ra7 Ra1 37. Ra6 Kg7 38. Kg3 a3 39.
Kg2 g5 40. Kg3 Ra2 41. Kh3 h5 42. Kg3 Ra1 43. Kg2 Kf7 44. Kg3 Ke7 45. Kg2 h4
46. Kf2 Ra2+ 47. Ke3 h3 0-1

[Event "XII Festival Magistrale"]
[Site "Porto San Giorgio ITA"]
[Date "2000.08.28"]
[Round "9"]
[White "Tocchioni, Doriano"]
[Black "Ciampi, Vincenzo"]
[Result "1/2-1/2"]
[WhiteElo "2250"]
[BlackElo "2113"]
[PlyCount "40"]
[EventDate "2000.08.20"]

1. d4 Nf6 2. c4 g6 3. Nc3 Bg7 4. e4 d6 5. Be2 O-O 6. Bg5 h6 7. Be3 Nbd7 8. Qd2
c5 9. d5 Qa5 10. f3 Kh7 11. Nh3 a6 12. O-O b5 13. cxb5 Nb6 14. Nf2 Nfd7 15. f4
axb5 16. e5 Na4 17. Nfe4 Nxc3 18. bxc3 f5 19. exf6 Nxf6 20. Ng3 Bf5 1/2-1/2